000 00332nam a2200157Ia 4500
100 _aDanny/Goodman
650 _aJavascript
942 _cRB
366 _f20
654 _ajavascript
245 _aJavascript and DHTML cookbook
260 _bOreilly
_c2003
082 _a005.133J/DAN
_bDAN
300 _a520
546 _aENGLISH
999 _c18601
_d18601